| 000 | 00689cam a2200229 4500 | ||
|---|---|---|---|
| 001 | ABS62110 | ||
| 008 | 000000n2000 000 0 eng u | ||
| 035 | _a(Sirsi) u105153 | ||
| 100 | _aStungo, N. | ||
| 245 | _aArchitects workload survey | ||
| 260 | _c2000 | ||
| 490 |
_aRIBA Journal _v107(4) April 2000, 88-93(4) |
||
| 520 | _aQuarterly workload survey for architects for the last quarter of 1999. Contains statistics of commissions across the profession. | ||
| 590 | _aABS | ||
| 650 | _aARCHITECTS | ||
| 650 | _aSALARIES | ||
| 650 | _aFEES | ||
| 650 | _aWORKLOAD | ||
| 650 | _aCOMMISSIONS | ||
| 690 | _aMANAGEMENT-BUSINESS MANAGEMENT-PROFESSIONAL PRACTICE | ||
| 942 | _n0 | ||
| 999 |
_c63053 _d63053 |
||